[Event "World Blitz Women 2017"]
[Site "Riyadh KSA"]
[Date "2017.12.30"]
[Round "16.7"]
[White "Lei, Tingjie"]
[Black "Nechaeva, Marina"]
[Result "1-0"]
[WhiteTitle "GM"]
[BlackTitle "IM"]
[WhiteElo "2528"]
[BlackElo "2424"]
[WhiteFideId "8605114"]
[BlackFideId "4149351"]
[EventDate "2017.12.29"]

1. d4 d5 2. c4 c6 3. Nf3 Nf6 4. Nc3 e6 5. e3 Nbd7 6. Bd3 dxc4 7. Bxc4 b5 8. Bd3
Bb7 9. a3 b4 10. Na4 Bd6 11. O-O O-O 12. e4 Be7 13. axb4 Bxb4 14. e5 Nd5 15.
Bxh7+ Kxh7 16. Ng5+ Kg8 17. Qh5 N5f6 18. exf6 Nxf6 19. Qh4 Qd5 20. Qg3 Qxd4 21.
Be3 Qg4 22. Qc7 Ba6 23. h3 Qf5 24. Rfc1 Bb5 25. Qg3 Bxa4 26. Rxa4 c5 27. Raa1 a5
28. Rd1 Rad8 29. Qc7 Rxd1+ 30. Rxd1 Nd5 31. Qg3 Qg6 32. Qe5 Nxe3 33. Qxe3 c4 34.
Kh2 Be7 35. Ne4 Qf5 36. Ng3 Qc5 37. Qf4 Rd8 38. Rc1 Qd4 39. Rxc4 Qxf4 40. Rxf4
Rd2 41. b3 Bd6 42. Rf3 g6 43. h4 Kg7 44. Kh3 Bxg3 45. Kxg3 Rb2 46. Rd3 e5 47. f3
f5 48. Rd7+ Kf6 49. Rd6+ Kg7 50. Rd5 Rxb3 51. Rxe5 a4 52. Ra5 Rb4 53. Ra6 Kh6
54. Ra7 Rc4 55. Kh3 g5 56. Ra6+ Kh5 57. hxg5 Kxg5 58. g3 Rb4 59. f4+ Kh5 60. Ra5
Kg6 61. Kh4 Rc4 62. Ra6+ Kf7 63. Kg5 Rc3 64. Kxf5 Rxg3 65. Rxa4 Rb3 66. Ra7+ Kg8
67. Ra6 Kf7 68. Kg5 Rg3+ 69. Kf5 Rb3 70. Rf6+ Kg7 71. Re6 Kf7 72. Rc6 Kg7 73.
Rc7+ Kg8 74. Kg5 Rg3+ 75. Kf6 Ra3 76. Rc8+ Kh7 77. f5 Ra6+ 78. Kf7 Ra7+ 79. Kf8
Kh6 80. Rc6+ Kg5 81. f6 Ra8+ 82. Kg7 1-0

[Event "World Blitz Women 2017"]
[Site "Riyadh KSA"]
[Date "2017.12.30"]
[Round "16.8"]
[White "Abdumalik, Zhansaya"]
[Black "Javakhishvili, Lela"]
[Result "1-0"]
[WhiteTitle "IM"]
[BlackTitle "IM"]
[WhiteElo "2449"]
[BlackElo "2449"]
[WhiteFideId "13703544"]
[BlackFideId "13601458"]
[EventDate "2017.12.29"]

1. e4 d6 2. d4 Nf6 3. Nc3 g6 4. Nf3 Bg7 5. a4 O-O 6. Be2 Bg4 7. O-O Nc6 8. h3
Bxf3 9. Bxf3 e5 10. dxe5 dxe5 11. Be2 Nd4 12. Be3 c6 13. a5 Re8 14. Bc4 Qe7 15.
Bd3 Rad8 16. Qc1 Nd7 17. Ne2 Nc5 18. Nxd4 exd4 19. Bg5 Bf6 20. Bf4 Be5 21. Bd2
Bd6 22. Bg5 f6 23. Bf4 Bxf4 24. Qxf4 Nxd3 25. cxd3 Qe5 26. Qd2 Qb5 27. f4 Kg7
28. Rac1 c5 29. f5 g5 30. h4 h6 31. Rfe1 Re5 32. Rc4 b6 33. axb6 axb6 34. Ra1
Rd7 35. Qe2 Rb7 36. Ra8 Re8 37. Rca4 Rxa8 38. Rxa8 Qb4 39. hxg5 hxg5 40. Kh2 c4
41. Qh5 Qd6+ 42. g3 Rb8 43. Ra7+ 1-0

[Event "World Blitz Women 2017"]
[Site "Riyadh KSA"]
[Date "2017.12.30"]
[Round "16.9"]
[White "Pham, Le Thao Nguyen"]
[Black "Goryachkina, Aleksandra"]
[Result "0-1"]
[WhiteTitle "IM"]
[BlackTitle "WGM"]
[WhiteElo "2354"]
[BlackElo "2486"]
[WhiteFideId "12401226"]
[BlackFideId "4147103"]
[EventDate "2017.12.29"]

1. Nf3 Nf6 2. c4 e6 3. g3 d5 4. Bg2 d4 5. O-O c5 6. d3 Nc6 7. e3 Be7 8. exd4
cxd4 9. a3 a5 10. b3 O-O 11. Re1 h6 12. Bb2 Rb8 13. Qc2 Re8 14. Nbd2 b6 15. Ne5
Nxe5 16. Rxe5 Bb7 17. Nf3 Bd6 18. Bxd4 Bxe5 19. Bxe5 Rc8 20. Rd1 Nd7 21. Bc3 Qe7
22. Qb2 Qf8 23. d4 a4 24. Bb4 Re7 25. Bxe7 Qxe7 26. d5 axb3 27. d6 Qd8 28. Qxb3
Ba6 29. Bf1 Nc5 30. Qb4 f6 31. Bg2 Nd7 32. Bf1 Rc5 33. h3 Bb7 34. Nd4 Kf7 35.
Qe1 e5 36. Nb3 Rc8 37. Qe2 Ra8 38. Qb2 Qc8 39. Nc1 Qc6 40. f4 Qh1+ 41. Kf2 Qh2+ 0-1

[Event "World Blitz Women 2017"]
[Site "Riyadh KSA"]
[Date "2017.12.30"]
[Round "16.10"]
[White "Padmini, Rout"]
[Black "Saduakassova, Dinara"]
[Result "1-0"]
[WhiteTitle "IM"]
[BlackTitle "IM"]
[WhiteElo "2324"]
[BlackElo "2460"]
[WhiteFideId "5029295"]
[BlackFideId "13700090"]
[EventDate "2017.12.29"]

1. Nf3 Nf6 2. g3 b5 3. Bg2 Bb7 4. Na3 a6 5. c4 b4 6. Nc2 e6 7. O-O c5 8. a3 a5
9. e3 b3 10. Nce1 a4 11. d4 d6 12. Nd3 Nbd7 13. Bd2 Be7 14. Nh4 Bxg2 15. Kxg2
O-O 16. Qf3 g5 17. dxc5 dxc5 18. Bc3 gxh4 19. gxh4 Qc7 20. Kh1 Kh8 21. Rg1 Rg8
22. Rg5 Rac8 23. Rag1 Rg6 24. Nf4 Rh6 25. Nh5 e5 26. Ng7 Qc6 27. Qxc6 Rxc6 28.
Nf5 Bf8 29. Nxh6 Bxh6 30. Rf5 Re6 31. f4 e4 32. Rd5 Re7 33. Rxd7 Rxd7 34. Bxf6+
Bg7 35. Bxg7+ Kg8 36. Bd4+ 1-0

[Event "World Blitz Women 2017"]
[Site "Riyadh KSA"]
[Date "2017.12.30"]
[Round "16.11"]
[White "Kulon, Klaudia"]
[Black "Zawadzka, Jolanta"]
[Result "1-0"]
[WhiteTitle "WGM"]
[BlackTitle "WGM"]
[WhiteElo "2370"]
[BlackElo "2424"]
[WhiteFideId "1131044"]
[BlackFideId "1122320"]
[EventDate "2017.12.29"]

1. c4 e5 2. g3 Nf6 3. Bg2 c6 4. e4 d5 5. cxd5 cxd5 6. exd5 Nxd5 7. d4 Bb4+ 8.
Bd2 exd4 9. Nf3 O-O 10. O-O Nc6 11. Bxb4 Ndxb4 12. a3 Na6 13. b4 Nc7 14. Qd3 Ne6
15. Nbd2 Qe7 16. Nb3 Rd8 17. b5 Nb8 18. Nfxd4 Nxd4 19. Nxd4 Nd7 20. Nf5 Qf6 21.
Rfe1 g6 22. Ne7+ Kg7 23. Rad1 Rh8 24. Nxc8 Raxc8 25. Qxd7 Rc2 26. Qd4 Qxd4 27.
Rxd4 Ra2 28. Rd7 Rxa3 29. Rxb7 Rd8 30. h4 h5 31. Ree7 Ra1+ 32. Kh2 Rf8 33. Rxa7
Rb1 34. Rab7 1-0

[Event "World Blitz Women 2017"]
[Site "Riyadh KSA"]
[Date "2017.12.30"]
[Round "16.12"]
[White "Harika, Dronavalli"]
[Black "Berend, Elvira"]
[Result "1-0"]
[WhiteTitle "GM"]
[BlackTitle "WGM"]
[WhiteElo "2504"]
[BlackElo "2303"]
[WhiteFideId "5015197"]
[BlackFideId "4000510"]
[EventDate "2017.12.29"]

1. c4 Nf6 2. Nc3 g6 3. g3 c6 4. e4 d6 5. Bg2 Bg7 6. Nge2 O-O 7. O-O e5 8. d3 a5
9. h3 Na6 10. Be3 Nc5 11. Qd2 a4 12. Kh2 Ne8 13. Qc2 Nc7 14. d4 N5e6 15. Rad1
Qe7 16. Nxa4 exd4 17. Nxd4 Nxd4 18. Bxd4 Bxd4 19. Rxd4 Ne6 20. Rd2 Ra5 21. f4 c5
22. b3 Nd4 23. Qd1 Bd7 24. Nc3 Bc6 25. Rff2 Raa8 26. Ne2 Bxe4 27. Nxd4 Bxg2 28.
Nf5 gxf5 29. Rxg2 Ra6 30. Qh5 Qf6 31. Rd5 Qg6 32. Rxf5 Qxh5 33. Rxh5 Re8 34. Rd5
Kg7 35. Rgd2 Re6 36. h4 h6 37. Kh3 Kf8 38. f5 Re1 39. Rxd6 Ra7 40. Rxh6 Kg7 41.
Rb6 Rh1+ 42. Kg4 Re1 43. a4 Ra8 44. Rd7 Rae8 45. Rg6+ Kf8 46. Rf6 R8e4+ 47. Kh5
Rg1 48. Rfxf7+ Ke8 49. f6 Rxg3 50. Rfe7+ Rxe7 51. Rxe7+ Kf8 52. Rxb7 Kg8 53. a5 1-0

[Event "World Blitz Women 2017"]
[Site "Riyadh KSA"]
[Date "2017.12.30"]
[Round "16.13"]
[White "Shuvalova, Polina"]
[Black "Stefanova, Antoaneta"]
[Result "0-1"]
[WhiteTitle "WIM"]
[BlackTitle "GM"]
[WhiteElo "2385"]
[BlackElo "2500"]
[WhiteFideId "24171760"]
[BlackFideId "2902257"]
[EventDate "2017.12.29"]

1. d4 d5 2. c4 c6 3. cxd5 cxd5 4. Nf3 Nf6 5. Bf4 Nc6 6. e3 a6 7. Nc3 Bg4 8. Be2
e6 9. h3 Bh5 10. O-O Be7 11. a3 O-O 12. b4 Rc8 13. Qb3 Ne4 14. Rfc1 Bxf3 15.
Bxf3 Nd2 16. Qd1 Nc4 17. Na4 a5 18. b5 Na7 19. b6 Nxb6 20. Nc5 Nc4 21. Nxb7 Qd7
22. Nc5 Bxc5 23. dxc5 Rxc5 24. a4 Rfc8 25. Rcb1 Nc6 26. Rb5 Nb4 27. Rxc5 Rxc5
28. Be2 h6 29. h4 Rc8 30. h5 e5 31. Bg3 d4 32. Bxc4 Rxc4 33. Bxe5 d3 34. Bd4 Rc2
35. Rb1 Qf5 36. f4 d2 37. Qf1 Qd3 38. Qd1 Rc8 39. Qg4 Qxb1+ 40. Kh2 f6 41. Bxf6
Rc7 42. Qe6+ Kh7 43. e4 Qh1+ 44. Kxh1 d1=Q+ 45. Kh2 Qxh5+ 46. Kg3 Qg6+ 47. Kh2
Qxf6 48. Qb3 Qxf4+ 0-1

[Event "World Blitz Women 2017"]
[Site "Riyadh KSA"]
[Date "2017.12.30"]
[Round "16.14"]
[White "Krush, Irina"]
[Black "Cornette, Deimante"]
[Result "1-0"]
[WhiteTitle "GM"]
[BlackTitle "IM"]
[WhiteElo "2431"]
[BlackElo "2439"]
[WhiteFideId "2012782"]
[BlackFideId "12802859"]
[EventDate "2017.12.29"]

1. c4 e6 2. Nc3 d5 3. d4 Bb4 4. a3 Bxc3+ 5. bxc3 Nf6 6. e3 c6 7. cxd5 cxd5 8. c4
O-O 9. cxd5 exd5 10. Bd3 Nc6 11. Ne2 Re8 12. O-O Ne4 13. f3 Nd6 14. Ng3 h6 15.
Ra2 b5 16. Re2 a5 17. Bb1 b4 18. Qc2 Ne7 19. Qh7+ Kf8 20. Qh8+ Ng8 21. Bh7 Ke7
22. Qxg7 Nf6 23. e4 Nxh7 24. Qxh7 Ba6 25. Qxh6 Bxe2 26. Bg5+ Kd7 27. Bxd8 Bxf1
28. Bb6 Bc4 29. e5 Nc8 30. Bc5 b3 31. Qh7 Kc6 32. Qxf7 Ne7 33. Qe6+ Kc7 34. Qb6+
Kd7 35. e6+ Kc8 36. Bd6 1-0

[Event "World Blitz Women 2017"]
[Site "Riyadh KSA"]
[Date "2017.12.30"]
[Round "16.15"]
[White "Zhu, Chen"]
[Black "Bodnaruk, Anastasia"]
[Result "1-0"]
[WhiteTitle "GM"]
[BlackTitle "IM"]
[WhiteElo "2423"]
[BlackElo "2428"]
[WhiteFideId "8600546"]
[BlackFideId "4181751"]
[EventDate "2017.12.29"]

1. e4 c5 2. Nf3 d6 3. Bb5+ Bd7 4. c4 g6 5. O-O Bg7 6. Nc3 Nf6 7. d4 cxd4 8. Nxd4
Nc6 9. Nxc6 bxc6 10. Ba4 O-O 11. c5 Ne8 12. Be3 Qa5 13. Rc1 Rd8 14. Bb3 Bc8 15.
cxd6 exd6 16. Qc2 Nc7 17. Ne2 c5 18. Rfd1 Bb7 19. f3 Rfe8 20. Bg5 Rd7 21. Bf4
Qb6 22. Kh1 Ne6 23. Be3 a5 24. Rb1 Bc6 25. Bd5 Bxd5 26. Rxd5 Nc7 27. Rd2 Red8
28. Rbd1 Qc6 29. Nc3 Be5 30. Nd5 Nxd5 31. Rxd5 Qb7 32. b3 Qb5 33. Qd3 Qxd3 34.
R1xd3 f5 35. exf5 gxf5 36. f4 Bg7 37. g3 a4 38. Bxc5 axb3 39. axb3 Rb8 40. Bxd6
Rb6 41. b4 Bf6 42. Bc5 Rxd5 43. Rxd5 Re6 44. Rxf5 Bc3 45. Rd5 Re2 46. b5 Rb2 47.
b6 Kf7 48. Rd7+ Ke6 49. Rd3 Ba5 50. g4 h6 51. Rd6+ Kf7 52. Rxh6 Bd2 53. Rh7+ Kg6
54. Rh8 Bxf4 55. Kg1 Kg5 56. h3 Bg3 57. Kf1 Bf4 58. Ke1 Kg6 59. h4 Be5 60. Re8
Bg3+ 61. Kd1 Bxh4 62. Re6+ Kf7 63. Rc6 Bg3 64. g5 Bf4 65. g6+ Ke8 66. g7 Kf7 67.
Bd4 Rg2 68. Ke1 Rg4 69. Kf1 Rg3 70. Rc8 Rg4 71. b7 Rg3 72. b8=Q Bxb8 73. Rxb8 1-0

[Event "World Blitz Women 2017"]
[Site "Riyadh KSA"]
[Date "2017.12.30"]
[Round "16.16"]
[White "Cori T., Deysi"]
[Black "Voit, Daria"]
[Result "0-1"]
[WhiteTitle "WGM"]
[BlackTitle "FM"]
[WhiteElo "2389"]
[BlackElo "2390"]
[WhiteFideId "3801934"]
[BlackFideId "4182146"]
[EventDate "2017.12.29"]

1. d4 Nf6 2. Nf3 e6 3. e3 d5 4. b3 c5 5. Bb2 Nc6 6. Nbd2 Qc7 7. a3 Bd6 8. c4 O-O
9. cxd5 Nxd5 10. dxc5 Bxc5 11. Rc1 Qe7 12. b4 Bd6 13. Bd3 Rd8 14. Bb1 f6 15. Qc2
g6 16. O-O e5 17. Ne4 Be6 18. Rfd1 Nb6 19. Nxd6 Rxd6 20. Rxd6 Qxd6 21. Nd2 Rd8
22. Ne4 Qe7 23. Nc5 Bf7 24. h3 Nc4 25. Nb3 b5 26. Ba2 Qd6 27. Qe4 Nxb2 28. Qxc6
Qxc6 29. Rxc6 Rd3 30. Rc8+ Kg7 31. Rc7 Kf8 32. Rc8+ Ke7 33. Rc7+ Ke8 34. Nc5
Rd1+ 35. Kh2 Bxa2 36. Rxa7 Nd3 37. f3 Nxc5 38. bxc5 Rc1 39. Rc7 Kd8 40. Rc6 Kd7
41. Rxf6 Rxc5 42. Rb6 Bc4 43. g4 Rc6 44. Rb7+ Rc7 45. Rb8 Ra7 46. Rh8 Kd6 47. h4
Rxa3 48. Rxh7 Rxe3 49. Rh6 Bf7 50. h5 Ke7 51. hxg6 Bg8 52. Rh8 Kf8 53. Kg3 b4
54. Rh5 b3 55. Kf2 Rc3 56. Rxe5 b2 57. Rb5 Rb3 58. Rf5+ Kg7 0-1

[Event "World Blitz Women 2017"]
[Site "Riyadh KSA"]
[Date "2017.12.30"]
[Round "16.17"]
[White "Sukandar, Irine Kharisma"]
[Black "Belenkaya, Dina"]
[Result "0-1"]
[WhiteTitle "IM"]
[BlackTitle "WGM"]
[WhiteElo "2384"]
[BlackElo "2303"]
[WhiteFideId "7101937"]
[BlackFideId "24142654"]
[EventDate "2017.12.29"]

1. e4 c6 2. d4 d5 3. Nc3 dxe4 4. Nxe4 Bf5 5. Ng3 Bg6 6. h4 h6 7. Nf3 Nd7 8. h5
Bh7 9. Bd3 Bxd3 10. Qxd3 e6 11. Bd2 Ngf6 12. O-O-O Be7 13. Qe2 c5 14. dxc5 Qc7
15. Bc3 Bxc5 16. Kb1 O-O 17. Ne5 Nxe5 18. Bxe5 Qe7 19. f4 Rfd8 20. Bxf6 Qxf6 21.
Ne4 Qe7 22. g4 Rd5 23. g5 Rad8 24. gxh6 gxh6 25. Rxd5 Rxd5 26. a3 Bd4 27. Qg2+
Kh8 28. Re1 Rxh5 29. Ng3 Rb5 30. b4 Rxb4+ 31. Kc1 Bb2+ 32. Kd2 Qd6+ 33. Ke2 Rc4
34. Kf1 Rxf4+ 35. Kg1 Rg4 36. Re3 Bd4 0-1

[Event "World Blitz Women 2017"]
[Site "Riyadh KSA"]
[Date "2017.12.30"]
[Round "16.19"]
[White "Paehtz, Elisabeth"]
[Black "Vo, Thi Kim Phung"]
[Result "1-0"]
[WhiteTitle "IM"]
[BlackTitle "WGM"]
[WhiteElo "2464"]
[BlackElo "2380"]
[WhiteFideId "4641833"]
[BlackFideId "12401838"]
[EventDate "2017.12.29"]

1. e4 e6 2. d4 d5 3. Nc3 Nf6 4. e5 Nfd7 5. f4 c5 6. Nce2 Nc6 7. Nf3 cxd4 8.
Nexd4 Nc5 9. c3 Be7 10. Be3 O-O 11. Bd3 Nxd3+ 12. Qxd3 Bd7 13. O-O g6 14. Rad1
Nxd4 15. Nxd4 b6 16. Rf3 Rc8 17. Rh3 Qc7 18. Qd2 f6 19. exf6 Rxf6 20. Nf3 Bc5
21. Ne5 Rcf8 22. Nd3 Bb5 23. Nxc5 bxc5 24. Rf3 Bd7 25. Qf2 Rc8 26. h3 Rf7 27.
Qd2 Rcf8 28. Rf2 Bc8 29. b4 cxb4 30. cxb4 Ba6 31. Bc5 Re8 32. Bd4 Bb7 33. Ba1
Qb6 34. Kh2 e5 35. Re1 e4 36. Qc3 Kf8 37. Rff1 Re6 38. Qh8+ Ke7 39. Bd4 Qxb4 40.
Rb1 Qc4 41. Rxb7+ Kd6 42. Qd8+ Kc6 43. Qc8+ Kd6 44. Be5+ Rxe5 45. fxe5+ Kxe5 46.
Qxc4 dxc4 47. Rfxf7 c3 48. Rbc7 Kd4 49. Rfd7+ 1-0

[Event "World Blitz Women 2017"]
[Site "Riyadh KSA"]
[Date "2017.12.30"]
[Round "16.20"]
[White "Huang, Qian"]
[Black "Khotenashvili, Bela"]
[Result "0-1"]
[WhiteTitle "WGM"]
[BlackTitle "GM"]
[WhiteElo "2438"]
[BlackElo "2476"]
[WhiteFideId "8602689"]
[BlackFideId "13602640"]
[EventDate "2017.12.29"]

1. d4 g6 2. g3 Bg7 3. Bg2 c5 4. c3 Qc7 5. Nf3 Nf6 6. O-O O-O 7. Re1 d5 8. Bf4
Qb6 9. Qb3 Qa6 10. Bxb8 Rxb8 11. dxc5 Bf5 12. Qa3 Qxa3 13. Nxa3 Ne4 14. Nd4 e6
15. Nxf5 gxf5 16. Nb5 a6 17. Nd4 Nxc5 18. Red1 b5 19. Nc6 Rb7 20. Rab1 Rc8 21.
Na5 Rbc7 22. f3 Kf8 23. Kf2 Ke7 24. Nb3 Na4 25. Nd4 Bh6 26. e4 dxe4 27. fxe4 f4
28. Nf3 Nc5 29. Nd4 Nd7 30. Nf3 a5 31. a3 Rb8 32. gxf4 Bxf4 33. Nd4 Ne5 34. Bf1
b4 35. axb4 axb4 36. cxb4 Rxb4 37. Nf3 Rc2+ 38. Be2 Ng4+ 39. Ke1 Ne3 40. Rd3
Rcxb2 41. Rxb2 Rxb2 42. h3 Nc2+ 43. Kf2 Nb4 44. Ra3 Kf6 45. Nd4 Bd6 46. Kf3 Nc6
47. Ra4 Ne5+ 48. Kf2 Bc5 49. Kf1 Rb1+ 50. Kg2 Ng6 51. Kf3 Rb2 52. Nc6 Nh4+ 53.
Kg4 Rxe2 54. Kxh4 Re3 55. e5+ Kg6 56. Rg4+ Kh6 57. Rf4 Kg7 58. Rg4+ Kf8 59. Rc4
Ba3 60. Kg4 Kg7 61. Kh4 Bb2 62. Rg4+ Kf8 63. Rg5 Rc3 64. Nb4 Rc4+ 65. Rg4 Rxg4+
66. hxg4 Bxe5 67. Nd3 Bd6 68. Kh5 Kg7 69. Nf2 Bc7 70. Ne4 f6 71. Nc5 Kf7 72. Kh6
Bd6 73. Ne4 Bf4+ 74. Kxh7 e5 75. Nc5 Bg5 76. Ne4 Be3 77. Ng3 Ke6 78. Kg6 Bg5 79.
Ne4 Bh4 80. Nd2 Kd5 81. Nf3 Bg5 82. Nxg5 fxg5 83. Kxg5 e4 84. Kf4 Kd4 85. g5 e3
86. Kf3 Kd3 87. g6 e2 0-1

[Event "World Blitz Women 2017"]
[Site "Riyadh KSA"]
[Date "2017.12.30"]
[Round "16.21"]
[White "Tokhirjonova, Gulrukhbegim"]
[Black "Zhukova, Natalia"]
[Result "0-1"]
[WhiteTitle "WGM"]
[BlackTitle "GM"]
[WhiteElo "2329"]
[BlackElo "2444"]
[WhiteFideId "14203626"]
[BlackFideId "14101513"]
[EventDate "2017.12.29"]

1. e4 e6 2. d4 d5 3. e5 c5 4. c3 Nc6 5. Nf3 Bd7 6. Be2 f6 7. O-O Qc7 8. Re1 fxe5
9. Nxe5 Nxe5 10. dxe5 Ne7 11. c4 O-O-O 12. Nc3 d4 13. Nb5 Bxb5 14. cxb5 Nf5 15.
Bc4 Qd7 16. Qb3 Re8 17. Bd2 Kb8 18. a4 g5 19. a5 g4 20. b6 a6 21. Qd3 Qc8 22.
Rab1 h5 23. Rec1 h4 24. b4 g3 25. fxg3 hxg3 26. h3 Bh6 27. bxc5 Qc6 28. Re1 Ne3
29. Bxe3 Bxe3+ 30. Rxe3 dxe3 31. Qxe3 Rd8 32. Be2 Rd5 33. Rc1 Qa4 34. Bf3 Qd4
35. Qxd4 Rxd4 36. c6 bxc6 37. Rxc6 Rc8 38. Rxc8+ Kxc8 39. b7+ Kc7 40. Kf1 Ra4
41. Ke2 Rxa5 42. h4 Rxe5+ 43. Kd3 a5 44. h5 a4 45. h6 Rf5 46. h7 Rf8 47. Kc4 Rh8
48. Be4 Kd6 49. Kb4 Ke5 50. Bc2 Kd4 51. Kxa4 e5 52. Kb5 e4 53. Kc6 e3 54. Bd1
Kd3 55. Kb6 Kd2 56. Bf3 e2 57. Bxe2 Kxe2 58. Ka7 Rxh7 59. Ka8 Rxb7 0-1

[Event "World Blitz Women 2017"]
[Site "Riyadh KSA"]
[Date "2017.12.30"]
[Round "16.22"]
[White "Charochkina, Daria"]
[Black "Arakhamia-Grant, Ketevan"]
[Result "1-0"]
[WhiteTitle "IM"]
[BlackTitle "GM"]
[WhiteElo "2317"]
[BlackElo "2350"]
[WhiteFideId "4180917"]
[BlackFideId "13600168"]
[EventDate "2017.12.29"]

1. d4 Nf6 2. c4 c5 3. d5 e5 4. dxe6 fxe6 5. g3 Nc6 6. Bg2 Be7 7. Nf3 O-O 8. O-O
d5 9. a4 d4 10. Bf4 Nh5 11. e3 Nxf4 12. exf4 Bf6 13. Nbd2 e5 14. fxe5 Nxe5 15.
Nxe5 Bxe5 16. Qh5 Qc7 17. Rae1 Bf5 18. Bd5+ Kh8 19. Nf3 Bd6 20. Ng5 Bg6 21. Qh3
Qb6 22. Re6 Bf5 23. Qh4 h6 24. Rxh6+ gxh6 25. Qxh6+ 1-0

[Event "World Blitz Women 2017"]
[Site "Riyadh KSA"]
[Date "2017.12.30"]
[Round "16.23"]
[White "Danielian, Elina"]
[Black "Charkhalashvili, Inga"]
[Result "1-0"]
[WhiteTitle "GM"]
[BlackTitle "WGM"]
[WhiteElo "2413"]
[BlackElo "2355"]
[WhiteFideId "13300210"]
[BlackFideId "13601431"]
[EventDate "2017.12.29"]

1. Nf3 d5 2. c4 e6 3. g3 Nf6 4. Bg2 b6 5. O-O Bb7 6. b3 Be7 7. Bb2 O-O 8. e3
dxc4 9. bxc4 c5 10. Nc3 Nc6 11. Qe2 Na5 12. d3 a6 13. Rab1 Rb8 14. Rfd1 Qc8 15.
Ba1 Rd8 16. Rxb6 Nc6 17. Na4 Nb4 18. a3 Nc6 19. Rdb1 Nd7 20. R6b3 Bf8 21. h4 Na5
22. R3b2 Bc6 23. Rxb8 Nxb8 24. Nb6 Qc7 25. Be5 Bd6 26. Bc3 Nb7 27. d4 cxd4 28.
exd4 Bxa3 29. d5 exd5 30. Nxd5 Bxd5 31. cxd5 Qxc3 32. Rxb7 a5 33. Ng5 Qc8 34.
Qd3 Qxb7 35. d6 Qxg2+ 36. Kxg2 Bxd6 37. Qxh7+ Kf8 38. Qh8+ Ke7 39. Qxg7 Rf8 40.
Ne4 Nd7 41. Qd4 Be5 42. Qd5 a4 43. f4 Bb8 44. Qa5 f5 45. Ng5 Bd6 46. Qxa4 Rc8
47. Qa2 Nc5 48. Qf7+ Kd8 49. Qxf5 Kc7 50. Ne6+ Nxe6 51. Qxe6 Ra8 52. h5 Rh8 53.
Qf7+ Kc6 54. Kh3 Rf8 55. Qg6 Kd7 56. h6 Be7 57. Qg7 Ke8 58. h7 Bf6 59. Qxf6 1-0

[Event "World Blitz Women 2017"]
[Site "Riyadh KSA"]
[Date "2017.12.30"]
[Round "16.24"]
[White "Gvetadze, Sofio"]
[Black "Hoang, Thanh Trang"]
[Result "0-1"]
[WhiteTitle "IM"]
[BlackTitle "GM"]
[WhiteElo "2289"]
[BlackElo "2439"]
[WhiteFideId "13601440"]
[BlackFideId "12400149"]
[EventDate "2017.12.29"]

1. e4 e6 2. d3 d5 3. Nd2 Nc6 4. Ngf3 e5 5. c3 a5 6. Qc2 Nf6 7. Be2 Be7 8. O-O
O-O 9. Re1 Re8 10. b3 Bf8 11. Bb2 Bg4 12. Rad1 h6 13. Nf1 d4 14. cxd4 exd4 15.
Ng3 Be6 16. a3 Ng4 17. Nd2 Nf6 18. h3 Bd6 19. Nc4 Bxg3 20. fxg3 Nd7 21. Rc1 Rc8
22. Nd2 Nde5 23. Rf1 Ne7 24. Qc5 N7c6 25. Kh2 Qd6 26. Qc2 b6 27. Rce1 Ne7 28.
Nf3 c5 29. Bc1 N7g6 30. Nxe5 Qxe5 31. Bf4 Nxf4 32. gxf4 Qd6 33. Bd1 f6 34. Kh1
Bf7 35. Qf2 b5 36. Qd2 Qb6 37. e5 c4 38. bxc4 bxc4 39. exf6 c3 40. Qf2 Qxf6 41.
Ba4 Rxe1 42. Rxe1 Qd6 43. Bc2 Rb8 44. Qf3 Rb2 45. Re2 Bd5 46. Qg4 Bf7 47. Qf3
Qxa3 48. Qe4 Qd6 49. Qa8+ Kh7 50. Qe4+ Bg6 51. f5 Bf7 52. Rf2 Kg8 53. Qa8+ Qf8
54. Qxa5 Rb8 55. Qe5 Rd8 56. Qe4 Qd6 57. f6 gxf6 58. Qg4+ Kh8 59. Qh4 Kg7 60.
Qg4+ Bg6 61. Rf4 h5 62. Qf3 Qe5 63. h4 Rb8 64. Kh2 Rb2 65. Ba4 c2 66. Bxc2 Rxc2
67. Qg3 Re2 68. Qf3 Re3 69. Qf2 Rxd3 70. Kh1 Rd1+ 71. Kh2 Re1 72. Qd2 Re4 73. g3
Re2+ 0-1

[Event "World Blitz Women 2017"]
[Site "Riyadh KSA"]
[Date "2017.12.30"]
[Round "16.25"]
[White "Hoang, Thi Bao Tram"]
[Black "Gaponenko, Inna"]
[Result "1-0"]
[WhiteTitle "WGM"]
[BlackTitle "IM"]
[WhiteElo "2410"]
[BlackElo "2435"]
[WhiteFideId "12401102"]
[BlackFideId "14101181"]
[EventDate "2017.12.29"]

1. d4 d6 2. Nf3 g6 3. e4 Nf6 4. Bd3 Bg7 5. O-O O-O 6. h3 c5 7. c3 Nc6 8. Re1 e5
9. dxe5 dxe5 10. Be3 b6 11. Qc2 Qe7 12. Nbd2 Rd8 13. a4 Bb7 14. Nc4 Rd7 15. Rad1
Rad8 16. Bg5 h6 17. Bxf6 Qxf6 18. Ne3 Ne7 19. Rd2 Qf4 20. Nf1 Kh7 21. Bb5 Rxd2
22. N3xd2 Nc8 23. Bc4 Nd6 24. Bd5 Bxd5 25. exd5 c4 26. Ne3 h5 27. g3 Qf6 28.
Nexc4 Nxc4 29. Nxc4 Rxd5 30. Qe4 Qe6 31. Re2 f5 32. Qc2 e4 33. Ne3 Rd7 34. Rd2
Qc6 35. Rxd7 Qxd7 36. Kg2 Bh6 37. Nc4 Qd5 38. Ne3 Qc6 39. Qd1 Bxe3 40. fxe3 Kh6
41. Qd4 Kh7 42. h4 Qc7 43. Kh2 Qe7 44. Qd5 Qc7 45. Kg2 Qe7 46. Qd4 Qc7 47. b4
Qe7 48. Qd5 Qf6 49. Qd7+ Kh6 50. Qc8 Qe5 1-0

[Event "World Blitz Women 2017"]
[Site "Riyadh KSA"]
[Date "2017.12.30"]
[Round "16.26"]
[White "Khukhashvili, Sopiko"]
[Black "Zatonskih, Anna"]
[Result "1-0"]
[WhiteTitle "IM"]
[BlackTitle "IM"]
[WhiteElo "2312"]
[BlackElo "2452"]
[WhiteFideId "13602055"]
[BlackFideId "14101572"]
[EventDate "2017.12.29"]

1. b4 e5 2. Bb2 d6 3. g3 f5 4. Bg2 Nf6 5. Nh3 g6 6. f4 e4 7. d3 exd3 8. cxd3 Bg7
9. Nf2 O-O 10. O-O c6 11. b5 d5 12. bxc6 Nxc6 13. Qb3 Kh8 14. Nd2 Rb8 15. Rad1
Be6 16. e4 Bg8 17. Bxf6 Qxf6 18. e5 Qd8 19. Nf3 h6 20. d4 Be6 21. Nd3 b6 22. Rc1
Na5 23. Qb5 Nc4 24. Rfe1 g5 25. Qc6 Re8 26. fxg5 hxg5 27. h4 g4 28. Ng5 Bg8 29.
Qg6 1-0